Loading...
| Literature - British | 3 | 2 | 0 | 1 | 65 | 41 | 83.40 | 5 | 5 | 0.00 | 0.00 |
| Science - Physics | 2 | 4 | 1 | 1 | 65 | 35 | 87.33 | 5 | 6 | 0.00 | 0.00 |
| History - World | 1 | 5 | 1 | 1 | 60 | 58 | 99.33 | 5 | 6 | 0.00 | 0.00 |
| Philosophy | 2 | 3 | 1 | 1 | 55 | 44 | 71.00 | 3 | 5 | 0.00 | 0.00 |
| Beliefs | 0 | 7 | 3 | 1 | 55 | 77 | 97.00 | 4 | 7 | 0.00 | 0.00 |
| Literature - American | 1 | 4 | 0 | 3 | 55 | 70 | 113.00 | 4 | 5 | 0.00 | 0.00 |
| Social Science | 0 | 5 | 1 | 1 | 45 | 80 | 98.40 | 4 | 5 | 0.00 | 0.00 |
| Literature - European | 2 | 1 | 0 | 1 | 40 | 10 | 76.33 | 2 | 3 | 0.00 | 0.00 |
| Fine Arts - Auditory | 1 | 3 | 1 | 1 | 40 | 39 | 95.75 | 4 | 4 | 0.00 | 0.00 |
| Science - Biology | 2 | 1 | 1 | 0 | 35 | 42 | 63.00 | 2 | 3 | 0.00 | 0.00 |
| History - American | 2 | 1 | 1 | 1 | 35 | 28 | 78.00 | 1 | 3 | 0.00 | 0.00 |
| 0 | 5 | 4 | 2 | 30 | 79 | 116.80 | 2 | 5 | 0.00 | 0.00 | |
| Fine Arts - Visual | 0 | 3 | 0 | 0 | 30 | 65 | 93.67 | 1 | 3 | 0.00 | 0.00 |
| Other Science: Math | 0 | 3 | 0 | 0 | 30 | 59 | 97.33 | 3 | 3 | 0.00 | 0.00 |
| Other Science: Computer Science | 1 | 1 | 0 | 0 | 25 | 48 | 76.00 | 2 | 2 | 0.00 | 0.00 |
| Current Events | 1 | 1 | 0 | 0 | 25 | 46 | 55.50 | 1 | 2 | 0.00 | 0.00 |
| Chemistry> | 0 | 2 | 0 | 0 | 20 | 87 | 101.00 | 2 | 2 | 0.00 | 0.00 |
| Other Academic | 0 | 2 | 0 | 1 | 20 | 82 | 107.50 | 2 | 2 | 0.00 | 0.00 |
| Science - Chemistry | 1 | 1 | 1 | 1 | 20 | 9 | 69.50 | 1 | 2 | 0.00 | 0.00 |
| Other Science: Earth Science | 1 | 1 | 1 | 0 | 20 | 13 | 46.50 | 2 | 2 | 0.00 | 0.00 |
| History - European | 1 | 1 | 2 | 0 | 15 | 32 | 49.50 | 1 | 2 | 0.00 | 0.00 |
| Religion | 0 | 1 | 0 | 1 | 10 | 151 | 151.00 | 1 | 1 | 0.00 | 0.00 |
| Other Arts: Auditory | 0 | 1 | 2 | 1 | 0 | 146 | 146.00 | 0 | 1 | 0.00 | 0.00 |
| Geography | 0 | 0 | 1 | 0 | -5 | 0.00 | 0 | 0 | 0.00 | 0.00 | |
| Other Science: Astronomy | 0 | 0 | 1 | 0 | -5 | 0.00 | 0 | 0 | 0.00 | 0.00 |